00721nam a2200181 a 450000100100000000500170001000800410002702000150006804000250008308200160010810000430012424501290016726000460029630000340034250400730037650400380044970000520048700000502920240307183814.0090729s2002 dr a 000 0 spa d a9993491101 aDO-SdBNPbspacBNPHU axxxxbP343n1 aPayán Areché, Luis Ramón,d1956-14aLas nuevas amenazas y la preparación de inteligencia /cLuis Ramón Payán Areché ; prólogo Ramiro Matos González. aSanto Domingo, :bImpresos Anibal,c2002. axiii, 177 p. :bil. ;c23 cm. aIncluye referencias bibliográficas y notas al pie de las páginas aIncluye bibliografías (175-177)1 a Matos G., Ramiro‏q(Matos González)d1927-